Statistics for 6-Letter History Chain #2

Click here to take the quiz!

General Stats

  • This quiz has been taken 10,780 times
  • The average score is 14 of 20

Answer Stats

Hint Answer % Correct
City that had a "tea party" in 1773Boston
98%
England's oldest universityOxford
95%
Jews in this city's ghetto revolted in 1943Warsaw
86%
City where Kennedy was assassinatedDallas
86%
Napoleon lost nearly 90% of his army
when he invaded this country
Russia
84%
River called "China's sorrow" because
of its many disastrous floods
Yellow
83%
Harald Fairhair was supposedly
this country's first king
Norway
80%
Major river of MesopotamiaTigris
77%
Predecessor to the calculator that used
beads sliding on wires
Abacus
76%
The V2 or Saturn V, for exampleRocket
69%
Beetle that was sacred in ancient EgyptScarab
67%
Composer of "Flight of the Valkyries"Wagner
67%
Place in Greece where one could
speak to the oracle
Delphi
64%
Assistant to a knightSquire
64%
Anatolian city formerly known as AngoraAnkara
57%
Considered to be the father of geometryEuclid
57%
Region of Sudan infamous for war
and genocide since 2003
Darfur
53%
Greek island home to Odysseus;
Namesake of a city in upstate New York
Ithaca
51%
Female poet who gave new meaning
to the island of Lesbos
Sappho
43%
Legendary world in Norse mythology
where Valhalla can be found
Asgard
42%

Score Distribution

Percentile by Number Answered

Percent of People with Each Score

Your Score History

You have not taken this quiz